All Lord of the Rings and the Hobbit Characters-E - Statistics

General Stats
  • This quiz has been taken 22 times
    20 since last reset
  • The average score is 10 of 19
Answer Stats
Times Mentioned Answer % Correct
175 Elrond Halfelven
100%
10 Earendil
83%
61 Elendil
83%
191 Eomer Eadig
83%
115 Eowyn Eadig
83%
12 Elladan
67%
12 Elrohir
67%
12 Elfhelm
50%
8 Eomund Eadig
50%
22 Eorl
50%
3 Eothain
50%
11 Erkenbrand
50%
4 Ecthelion
33%
4 Elanor
33%
18 Elbereth
33%
2 King Earnur
33%
4 Erestor
17%
1 Esmeralda
17%
1 Everard
17%
No matching quizzes found
Score Distribution
Percent of People with Each Score
Percentile by Number Answered
Your Score History
You have not taken this quiz since the last reset